Szczegóły MARC21

Wprowadzenie do nauki o teatrze. T. 2, O tworzywie i twórcach dzieła teatralnego /

003 -Nazwa inst., której nr kontr. jest w polu 001 [,]
    • @
    • Nazwa instytucji, której n kontrolny jest w polu 001
    • NUKAT
005 -DATA I CZAS OSTATNIEJ MODYFIKACJI [,]
    • @
    • pole kontrolne
    • 20241231101919.0
040 -Instytucja sporządzająca opis [ , ]
    • a
    • Instytucja, która sporządziła opis (NP)
    • KR U/66GK
    • c
    • Instytucja, która sporządziła rekord (NP)
    • KR U/66GK
    • d
    • Instytucja, która zmodyfikowała rekord (P)
    • KR 119/SWs
    • d
    • Instytucja, która zmodyfikowała rekord (P)
    • OLSZT 003/bak
942 -Rodzaj dokumentu [ , ]
    • c
    • Rodzaj dokumentu
    • Książka
245 -Strefa tytułu i oznaczenia odpowiedzialności [0,0]
    • a
    • Tytuł
    • Wprowadzenie do nauki o teatrze. Find
    • n
    • Oznaczenie części (P)
    • T. 2,
    • p
    • Nazwa części (P)
    • O tworzywie i twórcach dzieła teatralnego /
    • c
    • Pozostałe elementy strefy tytułu i oznaczenia odpowiedzialności (NP)
    • wybór i oprac. Janusz Degler ; Uniwersytet Wrocławski im. Bolesława Bieruta.
246 -Wariant tytułu [1,8]
    • a
    • Tytuł (NP)
    • O tworzywie i twórcach dzieła teatralnego
260 -Strefa adresu wydawniczego [ , ]
    • a
    • Miejsce wydania (P)
    • Wrocław :
    • b
    • Nazwa wydawcy (P)
    • Wydawnictwa Uniwersytetu Wrocławskiego,
    • c
    • Data wydania (P)
    • 1976.
300 -Strefa opisu fizycznego [ , ]
    • a
    • Określenie formy książki i/lub objętość (NP)
    • 591, [5] s. ;
    • c
    • Format (NP)
    • 24 cm.
336 -Typ zawartości [ , ]
    • a
    • Termin opisujący typ zawartości
    • Tekst
    • b
    • Kod określający zawartość
    • txt
    • 2
    • Źródło (terminu i kodu)
    • rdacontent
337 -Typ mediów [ , ]
    • a
    • Tryb odtwarzania
    • Bez urządzenia pośredniczącego
    • b
    • Kod typu mediów
    • n
    • 2
    • Źródło (terminu i kodu)
    • rdamedia
338 -Typ/rodzaj nośnika [ , ]
    • a
    • Hasło opisujące typ nośnika
    • Wolumin
    • b
    • Kod typu nośnika
    • nc
    • 2
    • Źródło (terminu i kodu)
    • rdacarrier
504 -Uwaga dot. bibliogr. załącznikowej [ , ]
    • a
    • Uwaga dot. bibliografii załącznikowej
    • Bibliogr. s. 547-571. Indeks.
080 -Uniwersalna Klasyfikacja Dziesiętna [ , ]
    • 2
    • Identyfikator wydania tablic
    • UDC-P058
    • a
    • Symbol klasyfikacji
    • 792
    • b
    • Dopowiedzenie
    • Teatr.
080 -Uniwersalna Klasyfikacja Dziesiętna [ , ]
    • 2
    • Identyfikator wydania tablic
    • UDC-P058
    • a
    • Symbol klasyfikacji
    • 82.0-2
    • b
    • Dopowiedzenie
    • Teoria literatury. Nauka o literaturze. - Utwory dramatyczne.
650 -Hasło przedmiotowe [ ,7]
    • a
    • Hasło przedmiotowe
    • Aktorstwo.
    • 2
    • Źródło terminu
    • kaba
    • 9
    • KHW
    • 100807
650 -Hasło przedmiotowe [ ,7]
    • a
    • Hasło przedmiotowe
    • Reżyserzy teatralni.
    • 2
    • Źródło terminu
    • kaba
    • 9
    • KHW
    • 143325
650 -Hasło przedmiotowe [ ,7]
    • a
    • Hasło przedmiotowe
    • Teatr
    • x
    • Określnik rzeczowy
    • produkcja i inscenizacja.
    • 2
    • Źródło terminu
    • kaba
    • 9
    • KHW
    • 133026
650 -Hasło przedmiotowe [ ,7]
    • a
    • Hasło przedmiotowe
    • Scenografia.
    • 2
    • Źródło terminu
    • kaba
    • 9
    • KHW
    • 129826
980 -Symbol UKD [ , ]
    • a
    • UKD
    • 792+82.0-2
700 -Hasło dodatkowe - nazwa osobowa [1, ]
    • a
    • Nazwa osobowa (NP)
    • Degler, Janusz Find
    • d
    • Daty biograficzne (NP)
    • (1938- ).
    • e
    • Określenie rodzaju współpracy
    • Red.
    • 9
    • KHW
    • 24131
710 -Hasło dodatkowe - nazwa ciała zbiorowego [2, ]
    • a
    • Nazwa ciała zbiorowego lub nazwa geograficzna jako pierwszy element (NP)
    • Uniwersytet Wrocławski im. Bolesława Bieruta.
    • b
    • Nazwa jednostki podrzędnej (P)
    • Wydawnictwo.
    • 4
    • Kod relacji
    • pbl
    • 9
    • KHW
    • 62467
Uwagi nie widoczne w OPAC Status udost. Numer inwentarzowy Sygnatura Data inwentaryzacji Lokalizacja
retrokonwersja1Z.26308  BG
retrokonwersja1Z.33312  BG
retrokonwersja-9W.74430W.61142/2 BG
retrokonwersja-9W.61142W.61142/2 BG
retrokonwersja-9W.74429W.61142/2 BG
retrokonwersja-9W.74427W.61142/2 BG
retrokonwersja-9W.74428W.61142/2 BG
retrokonwersja-9W.64239W.61142/2 BG
retrokonwersja-9W.62149W.61142/2 BG
retrokonwersja-9W.64240W.61142/2 BG
retrokonwersja-9W.64241W.61142/2 BG
retrokonwersja2W.64242W.61142/2 BG
retrokonwersja-9W.64243W.61142/2 BG
retrokonwersja-9W.64244W.61142/2 BG
retrokonwersja-9W.64245W.61142/2 BG
retrokonwersja-9W.64246W.61142/2 BG
retrokonwersja-9W.64247W.61142/2 BG
retrokonwersja-9W.64248W.61142/2 BG
retrokonwersja-3P.9416  BM
retrokonwersja1P.1669  BM
retrokonwersja1P.1670POL. Teatrologia 042023-08-29BM